Al Otro lado de la economía: como funciona la economía sumergida en España

Detaylı Bibliyografya
Yazar: Ruesga Benito, Santos M.
Materyal Türü: Kitap
Dil:Spanish
Konular:

MARC

LEADER 00000cam a2200000 a 4500
001 88456
005 20230308163620.0
008 997100|1988 ||||||||r|||||||||||spa||
020 |a 8436804422 
040 |b spa 
041 1 |a spa 
082 0 |a 330 
100 1 |a Ruesga Benito, Santos M.  |9 41052 
245 1 1 |a Al Otro lado de la economía: como funciona la economía sumergida en España  |c Santos M. Ruesga Benito  |h imp 
264 |a Madrid  |b Ediciones Pirámide  |c 1988 
300 |a 183 páginas:  |c 22.5 cm 
504 |a incl. ref. 
650 1 7 |a Geografía universal  |9 4326 
650 1 0 |a Recesión económica  |9 39795 
650 1 0 |a Política económica  |9 836 
852 |a UC-CDJBV  |c PRIMER PISO  |f Donación  |k sara.alvarado  |l 1  |m General  |p 19971003  |q 20000.00  |r 2  |t 88456  |b 0  |d CDRC  |e CDRC  |g 330 PRIMER PISO  |z 1997-71-00 
942 |c BK 
999 |c 22237  |d 22237